00504nam a2200169Ia 450000500170000000800410001702000150005808200130007310000150008624500160010126000530011730000120017050000330018294200060021595200980022199900150031920250425024304.0240331s9999 xx 000 0 und d a9555940177 bJAYa891 aJayakody,D 0aHima piyali aKelaniyabSamanala Publishers and Printersc1989 a95 p ., aA translation of Snow Flakes cL 001040708LaWERCLbWERCLcSSCd2024-03-31l0o 891.94 JAYp1025r2024-03-31w2024-03-31yL c4936d4936